Normal view MARC view

Entry Personal Name

Number of records used in: 2

001 - CONTROL NUMBER

  • control field: 822137

003 - CONTROL NUMBER IDENTIFIER

  • control field: OSt

005 - DATE AND TIME OF LATEST TRANSACTION

  • control field: 20250919154048.0

008 - FIXED-LENGTH DATA ELEMENTS

  • fixed length control field: 250919|| aca||aabn | a|a d

040 ## - CATALOGING SOURCE

  • Original cataloging agency: OSt
  • Transcribing agency: OSt

100 ## - HEADING--PERSONAL NAME

  • Personal name: Tim Themi

670 ## - SOURCE DATA FOUND

  • Source citation: Work cat.: (OSt)1435914: Tim Themi, Eroticizing aesthetics: in the real with bataille and lacan, 2021
Copyright @ Delhi University Library System